Responses for Show #4200 - Friday, November 29, 2002

Contestants

[<< previous game]

Michael Kelly, a teacher from Laurel, Maryland

Raj Dhuwalia, a graduate student from Gainesville, Florida

Faith Love, a systems analyst from Boyds, Maryland (whose 4-day cash winnings total $40,801)

[next game >>]

Jeopardy! Round responses

ALL GOD'S CREATURES
THE GOLF CHANNEL
PRINTING
DOUBLE Ws
(Alex: There are 2 "W"s somewhere in each response.)
NON-POTENT POTABLES
I GET NO KICK FROM CAMPAIGN
    $200 12
its eyes

Faith
    $200 29
(Arnold) Palmer

Raj
    $200 16
dots

Raj
    $200 1
a newlywed

Faith
    $200 22
a Shirley Temple

Faith
    $200 5
Lincoln

Michael
    $400 13
a zebra

Faith
    $400 30
the LPGA (the Ladies Professional Golf Association)

Faith
    $400 17
extra bold

Faith
    $400 2
welterweight

Michael
    $400 23
a shake

Faith
    $400 6
(Raj: Who is Nixon?)

John Adams

Raj
Triple Stumper
    $600 14
an iguana

Raj
    $600 15
follow-through

Faith
    $600 18
(Raj: What is a set list?)

a repertoire

Raj
Triple Stumper
    $600 3
chow chows

Triple Stumper
    $600 24
root beer

Michael
    $600 7
1

Michael
    $800 28
the Bactrian camel

Faith
    $800 11
the leaderboard

Michael
    $800 19
a Mimeograph

Michael
    $800 4
awkward

Triple Stumper
    $800 25
carbonated water (or club soda)

Faith
    $800 8
McGovern

Michael
    $1000 27
(Alex: The French word for "butterfly" is [*].)

papillon

Triple Stumper
    $1000 10
Tom Watson

Raj
    $1000 20
register (or registration) marks

Triple Stumper
    $1000 21
"Glow Worm"

Faith
    $2,000 26
(Faith: "What is frangelico?" is all I can come up with.)
(Alex: No. What is [*], [*]? The Capuchin monks.)

cappuccino

Faith
    $1000 9
Dewey

Raj

Scores at the first commercial break (after clue 15):

Faith Raj Michael
$1,400 $2,200 $2,800

Scores at the end of the Jeopardy! Round:

Faith Raj Michael
$3,400 $2,000 $4,200

Double Jeopardy! Round responses

20th CENTURY ARTISTS
OLD JOBS
(Alex: Not ODD JOBS.)
BRITISH SPEECHES
"MAN"LY MOVIES
PORT-POURRI
TALK LIKE SHAKESPEARE
    $400 18
Picasso

Michael
    $400 21
horses

Faith
    $400 15
Africa

Raj
    $400 9
Dead Man Walking

Faith
    $400 26
California

Raj
    $400 4
perspicuous

Michael
    $800 17
Lichtenstein

Raj
    $800 22
an alchemist

Michael
    $800 19
Elizabeth I

Michael
    $800 10
The Third Man

Raj
    $800 27
Nagasaki

Faith
    $800 5
bow or curtsy

Triple Stumper
    $1200 3
(Edward) Hopper

Faith
    $1200 23
an overseer

Michael
    $1200 20
(Margaret) Thatcher

Faith
    $1200 12
(Faith: What's The Thin Man?)

The Man Who Shot Liberty Valance

Faith
Triple Stumper
    $1200 28
Australia

Faith
    $2,000 6
(Michael: What is Julius Caesar?)

Taming of the Shrew

Michael
    $1600 2
Chagall

Raj
    $1600 24
the whitesmith (or the tinsmith)

Triple Stumper
    $4,000 16
Prince Charles

Raj
    $1600 13
The Man with Two Brains

Michael
    $1600 29
the English Channel

Faith
    $1600 7
luggage

Faith
    $2000 1
de Kooning

Raj
    $2000 25
a sutler

Faith
    $2000 11
Montgomery

Michael
    $2000 14
(Faith: What is Man of a Thousand Faces?)
(Michael: What is The Invisible Man?)

The Wolf Man

FaithMichael
Triple Stumper
    $2000 30
Malacca

Triple Stumper
    $2000 8
four soothsayers ("Forsooth" sayers)

Triple Stumper

Scores at the end of the Double Jeopardy! Round:

Faith Raj Michael
$10,600 $12,000 $7,400

[wagering suggestions for these scores]

Final Jeopardy! Round responses

AFRICA
MichaelWhat is Liberia?
$4,000
FaithWhat is Rhodesia?
$600
RajWhat is Ethiopia?
$9,200
Liberia or Ethiopia

Final scores:

Faith Raj Michael
$10,000 $21,200 $11,400
3rd place: $1,000 New champion: $21,200 2nd place: $2,000

Game dynamics:

Coryat scores:

Faith Raj Michael
$12,600 $9,600 $9,400
20 R,
3 W
(including 1 DD)
12 R
(including 1 DD),
2 W
14 R,
2 W
(including 1 DD)

Combined Coryat: $31,600

[game clues] [game scores] [suggest correction]

Game tape date: 2002-08-26
The J! Archive is created by fans, for fans. Scraping, republication, monetization, and malicious use prohibited; this site may use cookies and collect identifying information. See terms. The Jeopardy! game show and all elements thereof, including but not limited to copyright and trademark thereto, are the property of Jeopardy Productions, Inc. and are protected under law. This website is not affiliated with, sponsored by, or operated by Jeopardy Productions, Inc. Join the discussion at JBoard.tv.